00311 a2200109 4500001000700000020000600007040001100013100002100024240007600045245007100121362000900192166437 a  cMagnum aLeontiev, Alexis10aPsicologia e pedagogia: bases psicologicas da aprendizagem e do...lpor10aPsicologia e pedagogia: bases psicologicas da aprendizagem e do...0 a1899